Statistics for Czechia - TOP 25 cities

Click here to take the quiz!

General Stats

  • This quiz has been taken 160 times
  • The average score is 15 of 25

Answer Stats

HintAnswer% Correct
1 357 326Praha
100%
396 101Brno
99%
283 504Ostrava
91%
181 240Plzeň
89%
101 825Olomouc
83%
107 389Liberec
81%
49 043Karlovy Vary
80%
92 149Pardubice
77%
93 506Hradec Králové
75%
96 417České Budějovice
74%
74 191Zlín
72%
91 963Ústí nad Labem
70%
52 548Jihlava
60%
63 856Most
48%
55 512Opava
48%
68 436Kladno
47%
50 172Karviná
43%
70 245Havířov
33%
54 188Frýdek-Místek
32%
45 000Mladá Boleslav
30%
45 830Jablonec nad Nisou
27%
50 843Teplice
27%
46 940Chomutov
25%
47 180Děčín
23%
43 551Prostějov
13%

Score Distribution

Percentile by Number Answered

Percent of People with Each Score

Your Score History

You have not taken this quiz